[Event "SBDU BEM 2008"]
[Site "Wohndorf Laar"]
[Date "2008.10.10"]
[Round "3.6"]
[White "Junker, Bernd"]
[Black "Meinert, Thomas"]
[Result "0-1"]
[WhiteElo "1663"]
[BlackElo "1892"]
[PlyCount "72"]
[EventDate "2008.??.??"]
[WhiteTeam "SG Meiderich/Ruhrort"]
[BlackTeam "SG Meiderich/Ruhrort"]

1. d4 d5 2. Bf4 Nf6 3. Nf3 e6 4. e3 Bd6 5. Bxd6 Qxd6 6. c3 c5 7. Be2 O-O 8. O-O
Nbd7 9. Nbd2 b6 10. Re1 Ne4 11. dxc5 Ndxc5 12. Nxe4 Nxe4 13. Nd2 Nc5 14. Nf1
Rd8 15. c4 Qe7 16. Qc2 Bb7 17. b4 Na6 18. a3 Rac8 19. b5 Nc5 20. cxd5 Bxd5 21.
Qb2 Qg5 22. f3 Na4 23. Qb4 Nc3 24. Qf4 Qxf4 25. exf4 Rc5 26. a4 Bb3 27. a5
Nxe2+ 28. Rxe2 Rxb5 29. axb6 axb6 30. Nd2 Bd5 31. Ne4 h6 32. Rc2 Rd7 33. Rc8+
Kh7 34. Rb8 Bxe4 35. fxe4 Rb2 36. h3 Rdd2 0-1

[Event "SBDU BEM 2008"]
[Site "Wohndorf Laar"]
[Date "2008.10.10"]
[Round "3.7"]
[White "Grigat, Klaus-Dieter"]
[Black "Plückelmann, Thomas"]
[Result "1/2-1/2"]
[WhiteElo "1831"]
[BlackElo "1652"]
[PlyCount "65"]
[EventDate "2008.??.??"]
[WhiteTeam "SG Meiderich/Ruhrort"]
[BlackTeam "SG Duisburg-Nord"]

1. e4 e6 2. d4 d5 3. Nc3 Bb4 4. e5 c5 5. a3 Bxc3+ 6. bxc3 Ne7 7. Qg4 Kf8 8. Ne2
Nbc6 9. Ng3 cxd4 10. cxd4 Qa5+ 11. Bd2 Qa4 12. c3 Nxe5 13. Qg5 f6 14. Qe3 Nc4
15. Bxc4 Qxc4 16. Nh5 Ng6 17. Qg3 Qc6 18. O-O Rg8 19. Qf3 e5 20. Rae1 e4 21.
Qg3 Bf5 22. f3 Rc8 23. fxe4 Bxe4 24. Qg4 Re8 25. Rf2 Re6 26. Ng3 Kf7 27. Nxe4
Rxe4 28. Rxe4 dxe4 29. Rf5 Re8 30. Rc5 Qe6 31. Qxe6+ Kxe6 32. Kf2 Rd8 33. Ke3
1/2-1/2

[Event "SBDU BEM 2008"]
[Site "Wohndorf Laar"]
[Date "2008.10.10"]
[Round "3.8"]
[White "Hampel, Ernst"]
[Black "Germann, Norbert"]
[Result "0-1"]
[WhiteElo "1594"]
[BlackElo "1802"]
[PlyCount "70"]
[EventDate "2008.??.??"]
[WhiteTeam "SG Duisburg-Nord"]
[BlackTeam "SF Brett vor´m Kopp DU"]

1. d4 Nf6 2. c4 g6 3. Nc3 d5 4. cxd5 Nxd5 5. e4 Nxc3 6. bxc3 Bg7 7. Be3 c5 8.
Ne2 Qa5 9. f3 O-O 10. Kf2 Nc6 11. Qd2 cxd4 12. Nxd4 Rd8 13. Rd1 e5 14. Bg5 Rd6
15. Bh6 exd4 16. Bxg7 Kxg7 17. Qf4 Qc5 18. Kg3 Rf6 19. cxd4 Nxd4 20. Qd2 Qc7+
21. f4 Ne6 22. e5 Rxf4 23. Qd6 Qxd6 24. Rxd6 Re4 25. Rd5 Rd4 26. Rd6 Bd7 27.
Be2 Bc6 28. Rd1 Rxd1 29. Bxd1 Rd8 30. Rxd8 Nxd8 31. h4 Bd5 32. a3 Nc6 33. Bg4
Nxe5 34. Bc8 Nc4 35. a4 Nb6 0-1

[Event "SBDU BEM 2008"]
[Site "Wohndorf Laar"]
[Date "2008.10.10"]
[Round "3.9"]
[White "Scharrenbroich, Torsten"]
[Black "Fabo, Stefan"]
[Result "0-1"]
[WhiteElo "1431"]
[BlackElo "1566"]
[PlyCount "86"]
[EventDate "2008.??.??"]
[WhiteTeam "SG Meiderich/Ruhrort"]
[BlackTeam "SG Duisburg-Nord"]

1. e4 c5 2. Nf3 Nc6 3. d4 cxd4 4. Nxd4 Nf6 5. Nc3 e6 6. Be2 Bb4 7. Qd3 d5 8.
Nxc6 bxc6 9. exd5 Nxd5 10. Bd2 a5 11. O-O Ba6 12. Qf3 O-O 13. Bxa6 Rxa6 14. a3
Be7 15. Ne4 Nf6 16. Nxf6+ Bxf6 17. Bc3 Bxc3 18. Qxc3 Qb6 19. Kh1 Rd8 20. f4 Rd5
21. Rad1 Qb5 22. Qb3 Qb6 23. Qxb6 Rxb6 24. c4 Rxd1 25. Rxd1 g6 26. Rb1 c5 27.
g4 Rd6 28. Kg2 Rd4 29. Kf3 Rxc4 30. Rd1 Rc2 31. h4 Rxb2 32. Rd8+ Kg7 33. Rc8
Rb3+ 34. Ke4 Rxa3 35. Rxc5 a4 36. f5 gxf5+ 37. gxf5 Rh3 38. fxe6 fxe6 39. Rc7+
Kg6 40. Ra7 h5 41. Ra5 Rxh4+ 42. Ke5 Rb4 43. Kxe6 h4 0-1

[Event "SBDU BEM 2008"]
[Site "Wohndorf Laar"]
[Date "2008.10.10"]
[Round "3.10"]
[White "Imbierowicz, Dirk"]
[Black "Hamm, Michael"]
[Result "0-1"]
[WhiteElo "1452"]
[BlackElo "1674"]
[PlyCount "52"]
[EventDate "2008.??.??"]
[WhiteTeam "OSC Rheinhausen"]
[BlackTeam "SF Brett vor´m Kopp DU"]

1. e4 e5 2. Nf3 Nc6 3. Bc4 Nf6 4. Ng5 d5 5. exd5 b5 6. dxc6 bxc4 7. Qe2 Ng4 8.
Nf3 Bc5 9. O-O Qf6 10. Nc3 Qxc6 11. h3 Nxf2 12. Rxf2 Bxf2+ 13. Kxf2 f6 14. b3
cxb3 15. axb3 O-O 16. Bb2 Bb7 17. d3 a6 18. Qe4 Qb6+ 19. Qe3 Rac8 20. Na4 Qc6
21. Nc5 Rb8 22. Qe4 Qxc5+ 23. Qe3 Qxc2+ 24. Qe2 Qxe2+ 25. Kxe2 Bxf3+ 26. gxf3
Rxb3 0-1

[Event "SBDU BEM 2008"]
[Site "Wohndorf Laar"]
[Date "2008.10.10"]
[Round "3.11"]
[White "Straub, Peter"]
[Black "Kohlhause, Dirk"]
[Result "0-1"]
[WhiteElo "1035"]
[BlackElo "1363"]
[PlyCount "64"]
[EventDate "2008.??.??"]
[WhiteTeam "SG Meiderich/Ruhrort"]
[BlackTeam "SG Meiderich/Ruhrort"]

1. d4 Nf6 2. c4 c5 3. d5 b5 4. e3 bxc4 5. Bxc4 Ba6 6. b3 g6 7. Bb2 Bg7 8. Nc3
d6 9. Nf3 Qb6 10. Qc2 Nbd7 11. O-O O-O 12. e4 Ng4 13. Na4 Qa5 14. Bxg7 Kxg7 15.
h3 Nge5 16. Nxe5 Nxe5 17. f4 Nxc4 18. bxc4 Rab8 19. Rab1 Rb4 20. Rxb4 Qxb4 21.
Nb2 Rb8 22. Rb1 Bxc4 23. Qxc4 Qxc4 24. Nxc4 Rxb1+ 25. Kh2 Rc1 26. Na5 c4 27.
Nc6 Kf8 28. Nxa7 c3 29. Nb5 e6 30. Nxd6 c2 31. dxe6 fxe6 32. Nc4 Re1 0-1

[Event "SBDU BEM 2008"]
[Site "Wohndorf Laar"]
[Date "2008.09.26"]
[Round "3.12"]
[White "Hufnagel, Markus"]
[Black "Bajonczak, Helmut"]
[Result "1/2-1/2"]
[WhiteElo "1298"]
[BlackElo "1269"]
[PlyCount "43"]
[EventDate "2008.??.??"]
[WhiteTeam "SF Brett vor´m Kopp DU"]
[BlackTeam "OSC Rheinhausen"]

1. d4 d5 2. e3 Nf6 3. Nf3 g6 4. c4 c6 5. Nc3 Bg7 6. Be2 O-O 7. O-O Qc7 8. b3
Nbd7 9. Bd3 Re8 10. Ne2 e5 11. dxe5 Nxe5 12. Nxe5 Qxe5 13. Bd2 Ne4 14. Rb1 Nxd2
15. Qxd2 Be6 16. f4 Qh5 17. Ng3 Qh6 18. Rbe1 f5 19. Qb4 b6 20. Rf3 Bf8 21. Qc3
a5 22. Qc2 1/2-1/2

[Event "SBDU BEM 2008"]
[Site "?"]
[Date "2008.10.22"]
[Round "4.1"]
[White "Leers-Fischer, Hans"]
[Black "Visser, Dirk"]
[Result "1/2-1/2"]
[WhiteElo "1994"]
[BlackElo "2054"]
[Annotator "Dirk Visser"]
[PlyCount "123"]
[EventDate "2008.??.??"]
[WhiteTeam "SG Meiderich/Ruhrort"]
[BlackTeam "SG Meiderich/Ruhrort"]

1. Nf3 g6 2. c4 Bg7 3. d4 d6 4. Nc3 Nd7 5. g3 e5 6. Bg2 Ne7 7. O-O O-O 8. dxe5
dxe5 9. Nd5 $6 (9. Qc2 c6 10. Rd1 Qc7 11. Ne4 Nf5 12. c5 Nf6 13. Nd6 $14) 9...
c6 10. Nxe7+ Qxe7 11. e4 Nc5 12. Ne1 Rd8 13. Qc2 Ne6 14. Be3 b6 15. Nd3 Bb7 16.
Rfd1 c5 17. Rd2 Bc6 18. Rad1 Qb7 19. Ne1 Nd4 20. Bxd4 cxd4 21. Nd3 Bxe4 (21...
f5 $5 22. f3 fxe4 23. fxe4 Rac8) 22. Bxe4 Qxe4 23. Re1 Qb7 (23... Qf5 24. Nxe5
Qxc2 25. Rxc2 Re8 26. Rce2 Rac8 27. b3 a6 $11) 24. Nxe5 Rac8 25. Qd3 $6 Qc7 26.
Rde2 Bxe5 27. Rxe5 Qxc4 28. Re8+ Rxe8 29. Rxe8+ Kg7 30. Qxc4 Rxc4 31. Re2 Kf6
32. Kg2 Kf5 33. Kf3 h5 34. h3 d3 35. Rd2 Rc2 36. Rxd3 Rxb2 37. a3 b5 38. Ke3 a5
39. f4 Ke6 40. Kd4 a4 41. g4 b4 42. Kc4 bxa3 43. Rxa3 Rf2 44. f5+ Kf6 45. fxg6
fxg6 46. gxh5 gxh5 47. Kd5 Rf4 48. Rg3 Kf5 49. Kd6 Rb4 50. Ra3 Rb3 51. Rxa4
Rxh3 52. Kd5 Rd3+ 53. Kc4 Rd8 54. Ra7 h4 55. Rh7 Kg4 56. Rg7+ Kf3 57. Rh7 Kg2
58. Rg7+ Kh2 59. Rh7 h3 60. Rg7 Kh1 61. Kc3 h2 62. Kc2 {Rest nicht notiert
wegen Zeitnot!} 1/2-1/2

[Event "SBDU BEM 2008"]
[Site "Wohndorf Laar"]
[Date "2008.10.24"]
[Round "4.2"]
[White "Zielinski, Werner"]
[Black "Sauer, Andreas"]
[Result "1/2-1/2"]
[WhiteElo "1963"]
[BlackElo "1905"]
[PlyCount "35"]
[EventDate "2008.??.??"]
[WhiteTeam "SG Meiderich/Ruhrort"]
[BlackTeam "SG Meiderich/Ruhrort"]

1. d4 d5 2. c4 c6 3. Nf3 Nf6 4. e3 Bf5 5. Nc3 e6 6. Bd3 Bxd3 7. Qxd3 Nbd7 8.
O-O Bb4 9. a3 Bxc3 10. bxc3 O-O 11. Nd2 e5 12. e4 Qc7 13. f3 Rad8 14. Rb1 Rfe8
15. Bb2 h6 16. Kh1 Nb6 17. c5 Na4 18. Qc2 1/2-1/2

[Event "SBDU BEM 2008"]
[Site "Wohndorf Laar"]
[Date "2008.10.24"]
[Round "4.3"]
[White "Fabo, Stefan"]
[Black "Heinert, Eugen"]
[Result "0-1"]
[WhiteElo "1566"]
[BlackElo "1965"]
[PlyCount "98"]
[EventDate "2008.??.??"]
[WhiteTeam "SG Duisburg-Nord"]
[BlackTeam "OSC Rheinhausen"]

1. c4 Nf6 2. b3 e5 3. Bb2 Nc6 4. a3 a5 5. e3 Be7 6. d3 d6 7. Nd2 O-O 8. Be2 Bf5
9. Ngf3 Ne8 10. O-O Bg6 11. Kh1 Qd7 12. Rg1 Rd8 13. h3 b6 14. Bc3 d5 15. Nxe5
Nxe5 16. Bxe5 dxc4 17. bxc4 Bxd3 18. Bd4 {(=)} Bxe2 19. Qxe2 c5 20. Bc3 Qd3 21.
Qxd3 Rxd3 22. Rac1 Nf6 23. Rge1 Rfd8 24. Re2 h5 25. g3 Nh7 26. Kg2 Bf6 27. Ne4
Bxc3 28. Rxc3 f5 29. Rxd3 Rxd3 30. Nd2 Rxa3 31. Nf3 Ra4 32. Ne5 Nf6 33. Rd2 Ne4
34. Rd8+ Kh7 35. Rf8 Nd6 36. Rb8 Rb4 37. Nc6 Nxc4 38. Nxb4 cxb4 39. Rc8 b3 40.
Rxc4 b2 41. Rh4 Kg6 42. g4 hxg4 43. hxg4 b1=Q 44. gxf5+ Kxf5 45. Rf4+ Ke5 46.
Rg4 g6 47. Rg5+ Kf6 48. Rg3 Qe4+ 49. Rf3+ Kg5 0-1

[Event "SBDU BEM 2008"]
[Site "Wohndorf Laar"]
[Date "2008.10.17"]
[Round "4.4"]
[White "Meinert, Thomas"]
[Black "Waschkewitz, Stefan"]
[Result "1/2-1/2"]
[WhiteElo "1892"]
[BlackElo "1702"]
[PlyCount "47"]
[EventDate "2008.??.??"]
[WhiteTeam "SG Meiderich/Ruhrort"]
[BlackTeam "SG Duisburg-Nord"]

1. c4 g6 2. Nc3 Bg7 3. d4 d6 4. e4 Nc6 5. Be3 e5 6. Nge2 Nf6 7. f3 O-O 8. d5
Ne7 9. g4 Ne8 10. Qd2 f5 11. gxf5 gxf5 12. Bh6 Ng6 13. O-O-O fxe4 14. Bxg7 Nxg7
15. fxe4 Qh4 16. Ng3 Nf4 17. Nce2 Nh3 18. Bxh3 Bxh3 19. Qe3 {(=)} Rf7 20. Rhe1
b6 21. Rd2 Raf8 22. Ng1 Kh8 23. Nxh3 Qxh3 24. Qg1 1/2-1/2

[Event "SBDU BEM 2008"]
[Site "Wohndorf Laar"]
[Date "2008.10.24"]
[Round "4.5"]
[White "Germann, Norbert"]
[Black "Hoppe, Norbert"]
[Result "1/2-1/2"]
[WhiteElo "1802"]
[BlackElo "1477"]
[PlyCount "92"]
[EventDate "2008.??.??"]
[WhiteTeam "SF Brett vor´m Kopp DU"]
[BlackTeam "SG Meiderich/Ruhrort"]

1. d4 Nf6 2. c4 g6 3. Nc3 Bg7 4. e4 O-O 5. Nf3 d6 6. h3 Nbd7 7. Be3 e5 8. d5
Ne8 9. g4 c6 10. Bd3 Qa5 11. Qe2 cxd5 12. cxd5 a6 13. Nd2 b5 14. Nb3 Qd8 15.
Qd2 Bb7 16. Ne2 Rc8 17. Rc1 Nef6 18. Ng3 Rxc1+ 19. Qxc1 Qc8 20. Qxc8 Rxc8 21.
Na5 Ba8 22. Ke2 h6 23. Bd2 Kh7 24. Bb4 Bf8 25. Kd2 Ne8 26. Nf1 Be7 27. h4 Nc5
28. Bc2 Nf6 29. f3 h5 30. Ne3 hxg4 31. Nxg4 Nh5 32. Nb3 Na4 33. Ba3 Nb6 34. Na5
Nc4+ 35. Nxc4 Rxc4 36. Ne3 Rc8 37. Ng2 Kg7 38. b3 Bb7 39. Bb2 Kf8 40. Bb1 Ke8
41. Ke3 Rc7 42. Rd1 Bc8 43. Rh1 Ng3 44. Rd1 Bh3 45. Kf2 Nh5 46. Rh1 Bc8 1/2-1/2

[Event "SBDU BEM 2008"]
[Site "Wohndorf Laar"]
[Date "2008.10.24"]
[Round "4.6"]
[White "Halfmann, Peter"]
[Black "Grigat, Klaus-Dieter"]
[Result "1/2-1/2"]
[WhiteElo "1718"]
[BlackElo "1831"]
[PlyCount "114"]
[EventDate "2008.??.??"]
[WhiteTeam "OSC Rheinhausen"]
[BlackTeam "SG Meiderich/Ruhrort"]

1. d4 g6 2. e4 Bg7 3. f4 d6 4. Be3 c6 5. Nc3 Nf6 6. Nf3 Qa5 7. Qd2 b5 8. Bd3
Ng4 9. Bg1 Nd7 10. h3 Ngf6 11. Be3 Bb7 12. e5 dxe5 13. dxe5 Ng8 14. O-O e6 15.
Rad1 Rd8 16. Ng5 Ne7 17. Nxb5 Qxd2 18. Nd6+ Kf8 19. Rxd2 Rb8 20. Ngxf7 Rg8 21.
Ng5 Rh8 22. Nxe6+ Kg8 23. Ng5 h6 24. Ne6 Nb6 25. Nc5 Bc8 26. Nxc8 Rxc8 27. Ba6
Re8 28. Nd7 Nbd5 29. Bc5 Kf7 30. Bd6 Rd8 31. Nc5 Nf5 32. Ne4 Bf8 33. Bxf8 Rhxf8
34. Nd6+ Nxd6 35. exd6 Ke6 36. Bc4 Rxd6 37. Bxd5+ cxd5 38. g3 Rfd8 39. Re1+ Kf6
40. Rde2 Rc8 41. Rd1 d4 42. Kf2 g5 43. fxg5+ hxg5 44. Kf3 Kf5 45. Rdd2 Rh8 46.
Rh2 Rb8 47. b3 Re8 48. Rhe2 Rh8 49. Re4 Rhd8 50. a4 a5 51. Rd3 Rd5 52. h4 gxh4
53. Rxh4 Kg5 54. Rf4 R5d7 55. g4 Rd5 56. Re4 Rf8+ 57. Kg3 Rfd8 1/2-1/2

[Event "SBDU BEM 2008"]
[Site "Wohndorf Laar"]
[Date "2008.10.24"]
[Round "4.7"]
[White "Hamm, Michael"]
[Black "Plückelmann, Thomas"]
[Result "1/2-1/2"]
[WhiteElo "1674"]
[BlackElo "1652"]
[PlyCount "116"]
[EventDate "2008.??.??"]
[WhiteTeam "SF Brett vor´m Kopp DU"]
[BlackTeam "SG Duisburg-Nord"]

1. e4 e6 2. d3 d5 3. Nd2 c5 4. g3 b6 5. Bg2 Bb7 6. Ne2 Be7 7. O-O Nf6 8. e5
Nfd7 9. f4 O-O 10. c4 Qc7 11. cxd5 exd5 12. Nc3 d4 13. Nd5 Bxd5 14. Bxd5 Nc6
15. Qg4 Rad8 16. a3 Ndxe5 17. fxe5 Rxd5 18. e6 Nd8 19. exf7+ Rxf7 20. Rxf7 Nxf7
21. Ne4 Qd7 22. Qe2 Qe6 23. Bf4 h6 24. Re1 Rd7 25. Qf2 Qf5 26. Qg2 {(=)} Qd5
27. Qh3 Qc6 28. Qg4 Rd5 29. Nd2 Qd7 30. Qg6 Bg5 31. Ne4 Rf5 32. Nxg5 hxg5 33.
Bc1 Rf6 34. Qe4 Qf5 35. Qxf5 Rxf5 36. Rf1 Rf6 37. b4 a6 38. Kg2 Rxf1 39. Kxf1
cxb4 40. axb4 g4 41. Bb2 Ne5 42. Bxd4 Nxd3 43. Bc3 Nc1 44. Kf2 Nb3 45. Ke3 a5
46. bxa5 bxa5 47. Kf4 a4 48. Bb2 g6 49. Kxg4 Kf7 50. Kg5 Nc5 51. h4 Ne4+ 52.
Kf4 Nd2 53. g4 Nc4 54. Bc3 a3 55. Ba1 a2 56. h5 gxh5 57. gxh5 Kg8 58. Kg5 Kh7
1/2-1/2

[Event "SBDU BEM 2008"]
[Site "Wohndorf Laar"]
[Date "2008.10.24"]
[Round "4.8"]
[White "Duda, Karl-Heinz"]
[Black "Hamm, Siegfried"]
[Result "0-1"]
[WhiteElo "1677"]
[BlackElo "1733"]
[PlyCount "116"]
[EventDate "2008.??.??"]
[WhiteTeam "SG Meiderich/Ruhrort"]
[BlackTeam "OSC Rheinhausen"]

1. c4 f5 2. Nc3 Nf6 3. d4 e6 4. Nf3 Be7 5. e3 d6 6. g3 O-O 7. Qe2 Qe8 8. Bg2
Nc6 9. Bd2 Rb8 10. a3 Bd7 11. b4 e5 12. dxe5 Nxe5 13. Nxe5 dxe5 14. Nd5 Nxd5
15. Bxd5+ Kh8 16. Bg2 Bc6 17. O-O Bxg2 18. Kxg2 Bf6 19. Bc3 Qc6+ 20. Kg1 Rbe8
21. f3 e4 22. Bxf6 Rxf6 23. f4 Rd8 24. Rfd1 Rfd6 25. c5 Rd5 26. Qc2 Qd7 27.
Rxd5 Qxd5 28. Qe2 Qb3 29. Kf2 Rd3 30. Ra2 Rxe3 31. Qxe3 Qxa2+ 32. Kg1 Qd5 33.
Kf2 Kg8 34. h3 Kf7 35. Ke2 Qa2+ 36. Kd1 Qd5+ 37. Kc1 Ke6 38. Qc3 g6 39. Kc2
Qa2+ 40. Kc1 Qd5 41. Kb2 Kf7 42. Kc1 Qa2 43. Qe3 Qg2 44. h4 Qf3 45. Qd4 Qxa3+
46. Kd2 Qa2+ 47. Ke3 Qb3+ 48. Kf2 Qc2+ 49. Ke3 Qd3+ 50. Qxd3 exd3 51. Kxd3 Ke6
52. Kd4 b6 53. Kc4 a6 54. c6 Kd6 55. b5 axb5+ 56. Kxb5 Kd5 57. g4 fxg4 58. h5
g3 0-1

[Event "SBDU BEM 2008"]
[Site "Wohndorf Laar"]
[Date "2008.10.24"]
[Round "4.9"]
[White "Kohlhause, Dirk"]
[Black "Hampel, Ernst"]
[Result "0-1"]
[WhiteElo "1363"]
[BlackElo "1594"]
[PlyCount "84"]
[EventDate "2008.??.??"]
[WhiteTeam "SG Meiderich/Ruhrort"]
[BlackTeam "SG Duisburg-Nord"]

1. c4 c5 2. Nc3 Nc6 3. Nf3 Nf6 4. d3 d6 5. g3 Bg4 6. Bg2 Rb8 7. O-O Qd7 8. Re1
e6 9. Bd2 Be7 10. a3 O-O 11. e4 e5 12. Ne2 Bxf3 13. Bxf3 Nd8 14. b4 b6 15. Nc3
Ne6 16. Nd5 Nxd5 17. cxd5 Ng5 18. Bg4 Qb5 19. bxc5 bxc5 20. Qc1 h6 21. Qc4 Qxc4
22. dxc4 Rb2 23. Bxg5 Bxg5 24. Rab1 Rfb8 25. Rxb2 Rxb2 26. h4 Bd2 27. Re2 Rb1+
28. Kg2 Bc3 29. Bd7 Bd4 30. a4 a5 31. Bb5 g6 32. f4 Rg1+ 33. Kh3 f6 34. Bd7 Kg7
35. f5 g5 36. hxg5 hxg5 37. g4 Rc1 38. Bb5 Rc3+ 39. Kg2 Be3 40. Kf1 Bf4 41. Rb2
Rh3 42. Bc6 Rh1+ 0-1

[Event "SBDU BEM 2008"]
[Site "Wohndorf Laar"]
[Date "2008.10.24"]
[Round "4.10"]
[White "Hufnagel, Markus"]
[Black "Junker, Bernd"]
[Result "0-1"]
[WhiteElo "1298"]
[BlackElo "1663"]
[PlyCount "44"]
[EventDate "2008.??.??"]
[WhiteTeam "SF Brett vor´m Kopp DU"]
[BlackTeam "SG Meiderich/Ruhrort"]

1. e4 d5 2. e5 c5 3. Nf3 Nc6 4. d4 cxd4 5. h3 e6 6. Bb5 Qa5+ 7. c3 Qxb5 8. a4
Qb6 9. cxd4 Bb4+ 10. Ke2 Nge7 11. g4 Qa6+ 12. Qd3 Qxd3+ 13. Kxd3 O-O 14. b3 b6
15. g5 Nf5 16. h4 Ba6+ 17. Kc2 Ncxd4+ 18. Nxd4 Nxd4+ 19. Kb2 Rac8 20. Na3 Bc3+
21. Ka2 Bxa1 22. Kxa1 Nxb3+ 0-1

[Event "SBDU BEM 2008"]
[Site "Wohndorf Laar"]
[Date "2008.10.24"]
[Round "4.11"]
[White "Bajonczak, Helmut"]
[Black "Scharrenbroich, Torsten"]
[Result "0-1"]
[WhiteElo "1269"]
[BlackElo "1431"]
[PlyCount "131"]
[EventDate "2008.??.??"]
[WhiteTeam "OSC Rheinhausen"]
[BlackTeam "SG Meiderich/Ruhrort"]

1. Nf3 d5 2. g3 Nf6 3. Bg2 Nc6 4. O-O e5 5. d3 Be7 6. Nbd2 O-O 7. e4 d4 8. a3
b5 9. c4 dxc3 10. bxc3 Qxd3 11. Bb2 Bb7 12. Re1 Rfe8 13. Bf1 Qd8 14. Bxb5 Rf8
15. Qc2 a6 16. Bxc6 Bxc6 17. Rad1 Bd6 18. Nc4 Qe7 19. Nxd6 cxd6 20. Nd2 Rfd8
21. c4 Qe8 22. Qc3 Qd7 23. Qf3 Qh3 24. Qg2 Qxg2+ 25. Kxg2 h6 26. f3 a5 27. Re3
Nd7 28. Nb3 Nb6 29. Rc1 Ba4 30. g4 Bxb3 31. Rxb3 Nd7 32. a4 Nc5 33. Ra3 Rdb8
34. Ba1 Rb3 35. Rc3 Rab8 36. Rcxb3 Rxb3 37. Rxb3 Nxb3 38. Bc3 f6 39. Kg3 g5 40.
h4 Kf7 41. h5 Ke7 42. Kf2 Kd7 43. Ke3 Kc6 44. Kd3 Kc5 45. Be1 Kc6 46. Bf2 Nc1+
47. Kc2 Ne2 48. Kd3 Nf4+ 49. Kc3 Nh3 50. Be3 Nf4 51. Kd2 Ne6 52. Kc2 Nd4+ 53.
Bxd4 exd4 54. Kd2 Kb6 55. Kc2 Kc6 56. Kd3 Kc5 57. e5 fxe5 58. Ke4 Kxc4 59. Kf5
d3 60. Kg6 d2 61. Kxh6 d1=Q 62. Kg6 Qxf3 63. h6 Qxg4 64. h7 Qh4 65. Kg7 g4 66.
h8=Q 0-1

[Event "SBDU BEM 2008"]
[Site "Wohndorf Laar"]
[Date "2008.10.24"]
[Round "4.12"]
[White "Imbierowicz, Dirk"]
[Black "Straub, Peter"]
[Result "1-0"]
[WhiteElo "1452"]
[BlackElo "1035"]
[PlyCount "77"]
[EventDate "2008.??.??"]
[WhiteTeam "OSC Rheinhausen"]
[BlackTeam "SG Meiderich/Ruhrort"]

1. e4 e5 2. Nf3 d6 3. Bc4 Be7 4. Nc3 c6 5. d4 Qc7 6. a4 a6 7. dxe5 dxe5 8. O-O
Bg4 9. Qd3 Nd7 10. Ng5 Bxg5 11. Bxg5 h6 12. Be3 Ngf6 13. f3 Bh5 14. Ne2 Rd8 15.
Qb3 O-O 16. Ng3 Bg6 17. Bd3 c5 18. c4 b6 19. Qc3 Rfe8 20. b3 a5 21. f4 Ng4 22.
Bc1 Re6 23. f5 Rf6 24. fxg6 Rxg6 25. Nf5 Ngf6 26. Ne7+ Kh8 27. Nxg6+ fxg6 28.
Qe1 g5 29. Rf3 Nh5 30. Rh3 Nf4 31. Bxf4 exf4 32. Qc3 Ne5 33. Rd1 Rf8 34. Be2
Qe7 35. Rd5 Ng6 36. Rxh6+ Kg8 37. Rxg6 Qf7 38. Rdxg5 Qe7 39. Rxg7+ 1-0

[Event "SBDU BEM 2008"]
[Site "Wohndorf Laar"]
[Date "2008.11.14"]
[Round "5.1"]
[White "Sauer, Andreas"]
[Black "Leers-Fischer, Hans"]
[Result "1-0"]
[WhiteElo "1905"]
[BlackElo "1994"]
[PlyCount "81"]
[EventDate "2008.??.??"]
[WhiteTeam "SG Meiderich/Ruhrort"]
[BlackTeam "SG Meiderich/Ruhrort"]

1. d4 Nf6 2. c4 g6 3. Nc3 Bg7 4. e4 d6 5. f4 O-O 6. Nf3 Na6 7. Bd3 e5 8. fxe5
dxe5 9. d5 c6 10. O-O Bg4 11. h3 Bxf3 12. Qxf3 Nc5 13. Bc2 a5 14. Be3 Qe7 15.
d6 Qxd6 16. Rad1 Qe7 17. Bg5 Ncd7 18. Rxd7 Qxd7 19. Bxf6 Qd6 20. Bg5 f6 21. Be3
Qb4 22. Na4 Rfd8 23. a3 Qe7 24. Nb6 Rab8 25. c5 Rf8 26. Nc4 Ra8 27. Bb3 Kh8 28.
Nd6 Rad8 29. Qg4 b5 30. Rd1 a4 31. Nf7+ Rxf7 32. Rxd8+ Qxd8 33. Bxf7 Bf8 34.
Qe6 Qd3 35. Bh6 Bxc5+ 36. Kh2 Qd8 37. Be8 Qe7 38. Qc8 Bb6 39. Bxc6+ Bd8 40. Bd2
Kg7 41. Bb4 1-0

[Event "SBDU BEM 2008"]
[Site "?"]
[Date "2008.11.07"]
[Round "5.2"]
[White "Visser, Dirk"]
[Black "Heinert, Eugen"]
[Result "1/2-1/2"]
[WhiteElo "2054"]
[BlackElo "1968"]
[Annotator "Dirk Visser"]
[PlyCount "110"]
[EventDate "2008.??.??"]
[WhiteTeam "SG Meiderich/Ruhrort"]
[BlackTeam "OSC Rheinhausen"]

1. c4 Nf6 2. Nf3 e6 3. g3 b6 4. Bg2 Bb7 5. O-O Be7 6. b3 c5 7. Bb2 O-O 8. Nc3
d6 9. d3 Nbd7 10. e3 Rc8 11. Qe2 Qc7 12. Rfd1 Rfd8 13. d4 cxd4 14. Rxd4 Nc5 15.
Qc2 Qb8 16. Rad1 d5 17. cxd5 Nxd5 18. Nxd5 Bxd5 19. Rg4 f6 20. Rh4 $2 (20. Qe2
Qb7 21. Rgd4 $11) 20... f5 21. Rxd5 Rxd5 22. Rc4 b5 23. Rc3 Bf6 $6 (23... Rdd8
$5 $17) 24. Nd4 Rxd4 25. exd4 Bxd4 26. b4 $16 Qe5 27. Re3 Qf6 28. Bxd4 Qxd4 29.
bxc5 Rxc5 30. Qb3 Rc1+ 31. Bf1 Qd5 32. Rxe6 Qc4 33. Qxc4 bxc4 34. Kg2 c3 35.
Bc4 Kf8 36. Rc6 (36. Ra6 $6 c2 $17) 36... Ke7 37. Bb3 Kd7 38. Rc4 Kd6 39. Kf3
g6 40. h4 a5 41. Kf4 Ke7 42. h5 Rf1 43. hxg6 hxg6 44. Rxc3 Rxf2+ 45. Kg5 Rg2
46. Re3+ Kd6 47. Bf7 Kc5 48. a3 Kd4 49. Rb3 a4 50. Rb4+ Ke5 {Zeitnot} 51. Rb5+
Kd4 52. Rb4+ Ke5 53. g4 Rxg4+ 54. Rxg4 fxg4 55. Be8 g3 1/2-1/2

[Event "SBDU BEM 2008"]
[Site "Wohndorf Laar"]
[Date "2008.11.14"]
[Round "5.3"]
[White "Hoppe, Norbert"]
[Black "Zielinski, Werner"]
[Result "0-1"]
[WhiteElo "1477"]
[BlackElo "1963"]
[PlyCount "100"]
[EventDate "2008.??.??"]
[WhiteTeam "SG Meiderich/Ruhrort"]
[BlackTeam "SG Meiderich/Ruhrort"]

1. e4 c5 2. Nf3 Nc6 3. d4 cxd4 4. Nxd4 g6 5. Be3 Nf6 6. Nc3 Bg7 7. Bc4 Qa5 8.
O-O O-O 9. Bb3 d6 10. h3 Bd7 11. Qd2 Nxd4 12. Bxd4 Bc6 13. f3 a6 14. Qf2 Rac8
15. Rfe1 Nd7 16. Bxg7 Kxg7 17. Nd5 Bxd5 18. exd5 Rfe8 19. Re2 Qc5 20. Rae1
Qxf2+ 21. Kxf2 Kf6 22. c3 Rc5 23. f4 b5 24. g4 h6 25. h4 g5 26. fxg5+ hxg5 27.
h5 Ne5 28. Kg3 Kg7 29. Rd1 f6 30. Re4 Rec8 31. a4 a5 32. Ba2 Rb8 33. Rd2 Rb7
34. axb5 Rbxb5 35. Re1 Kh6 36. Re4 Rb7 37. Ree2 a4 38. Re3 Rbc7 39. Kh3 Ra7 40.
Kg3 Rc8 41. Kh3 Rac7 42. Rc2 Rb8 43. Re4 Ra8 44. Kg3 Ra5 45. Rb4 a3 46. bxa3
Rxa3 47. Rb3 Ra4 48. Rb8 Rxg4+ 49. Kf2 Rf4+ 50. Ke3 Ng4+ 0-1

[Event "SBDU BEM 2008"]
[Site "Wohndorf Laar"]
[Date "2008.11.14"]
[Round "5.4"]
[White "Halfmann, Peter"]
[Black "Meinert, Thomas"]
[Result "0-1"]
[WhiteElo "1718"]
[BlackElo "1892"]
[PlyCount "68"]
[EventDate "2008.??.??"]
[WhiteTeam "OSC Rheinhausen"]
[BlackTeam "SG Meiderich/Ruhrort"]

1. d4 g6 2. Nf3 Bg7 3. Bg5 c5 4. c3 Qa5 5. e3 d5 6. Nbd2 c4 7. b4 Qd8 8. e4 f6
9. Bf4 e6 10. Qe2 Ne7 11. g4 g5 12. Bg3 h6 13. h4 b5 14. Bg2 Nbc6 15. O-O O-O
16. a4 bxa4 17. Rxa4 Bd7 18. Ra3 Qb6 19. e5 a5 20. bxa5 Rxa5 21. Rxa5 Qxa5 22.
Qe3 fxe5 23. Nxe5 Nxe5 24. Bxe5 Bxe5 25. dxe5 Rf4 26. hxg5 Rxg4 27. gxh6 Nf5
28. Qf3 Rg6 29. Rb1 Qd8 30. Qh5 Be8 31. h7+ Kh8 32. Kf1 Rxg2 33. Qf3 Rg7 34.
Rb6 Qxb6 0-1

[Event "SBDU BEM 2008"]
[Site "Wohndorf Laar"]
[Date "2008.11.14"]
[Round "5.5"]
[White "Waschkewitz, Stefan"]
[Black "Germann, Norbert"]
[Result "1/2-1/2"]
[WhiteElo "1702"]
[BlackElo "1802"]
[PlyCount "35"]
[EventDate "2008.??.??"]
[WhiteTeam "SG Duisburg-Nord"]
[BlackTeam "SF Brett vor´m Kopp DU"]

1. Nc3 c5 2. Nf3 e6 3. d4 cxd4 4. Nxd4 a6 5. g3 Nf6 6. Bg2 d5 7. O-O Bb4 8. Qd3
O-O 9. a3 Bc5 10. Be3 Ba7 11. Rad1 Qe7 12. Bg5 h6 13. Bxf6 Qxf6 14. e4 Nc6 15.
Nce2 Nxd4 16. Nxd4 e5 17. Nf5 dxe4 18. Bxe4 1/2-1/2